Music Quiz

Random Music or Book Quiz

Books In Song Lyrics Quiz Stats

Quiz Updated Sep 24, 2015

Challenge
Share
Tweet
Embed
Score 0/25 Timer 09:00
27 Plays Today
% Correct
Beloved
90.9%
Eclipse
90.3%
The Prince
89.2%
Invisible Man
87.5%
Dune
86.9%
Misery
86.8%
Them
86.2%
A Room With A View
85.5%
Romeo And Juliet
84.9%
On The Beach
84.4%
V
83%
Little Women
81.9%
The Stranger
81.3%
% Correct
Persuasion
80.4%
Gone With The Wind
80.2%
Foundation
80.2%
Roots
79.8%
Main Street
79%
On The Road
77.2%
Jaws
75.8%
It
74.2%
The Prophet
72.2%
The Fall
72.1%
Gideon's Bible
67.2%
Salem's Lot
66.1%

You're not logged in!

Compare scores with friends on all Sporcle quizzes.
Join for Free
OR
Log In

You Might Also Like...

Show Comments

Extras

Top Quizzes Today


Score Distribution

Your Account Isn't Verified!

In order to create a playlist on Sporcle, you need to verify the email address you used during registration. Go to your Sporcle Settings to finish the process.

Report this User

Report this user for behavior that violates our Community Guidelines.

Details: